La increí­ble y triste historia de la Cándida Eréndida y de su abuela desalmada: siete cuentos (Record no. 17377)

MARC details
000 -LEADER
campo de control de longitud fija 01017cac a2200229 a 4500
003 - IDENTIFICADOR DE NÚMERO DE CONTROL
campo de control Co-PeBPM
005 - FECHA Y HORA DE LA ÚLTIMA TRANSACCIÓN
campo de control 20260218112551.0
008 - DATOS DE LONGITUD FIJA--INFORMACIÓN GENERAL
campo de control de longitud fija 231129e2014||||ck ||||||||||||| ||spa||
020 ## - NÚMERO INTERNACIONAL ESTÁNDAR DEL LIBRO
Número Internacional Estándar del Libro 9789588886237
040 0# - FUENTE DE CATALOGACIÓN
Centro catalogador/agencia de origen Co-PeBPM
Lengua de catalogación spa
Centro/agencia transcriptor Co-PeBPM
Centro/agencia modificador rda
041 ## - CÓDIGO DE IDIOMA
Código de lengua del texto/banda sonora o título independiente spa
082 ## - NÚMERO DE LA CLASIFICACIÓN DECIMAL DEWEY
Número de clasificación Co863 G216in
Número de edición 22
100 1# - ENTRADA PRINCIPAL--NOMBRE DE PERSONA
Nombre de persona Garcia Marquez Gabriel
245 #0 - MENCIÓN DEL TÍTULO
Título La increí­ble y triste historia de la Cándida Eréndida y de su abuela desalmada: siete cuentos
Mención de responsabilidad, etc. /Gabriel Garcia Márquez
250 ## - MENCION DE EDICION
Mención de edición Primera edición
260 ## - PUBLICACIÓN, DISTRIBUCIÓN, ETC.
Lugar de publicación, distribución, etc. :Bogotá D.C
Nombre del editor, distribuidor, etc. :Editora Géminis
Fecha de publicación, distribución, etc. ,2014
300 ## - DESCRIPCIÓN FÍSICA
Extensión 158 Paginas
Dimensiones ;19 centímetros
500 ## - NOTA GENERAL
Nota general Incluye índice
520 ## - RESUMEN, ETC.
Sumario, etc. La increíble y triste historia de la cándida Eréndira y de su abuela desalmada es una novela corta o cuento largo escrito por Gabriel García Márquez en 1972 y publicado por primera vez en 1974. Es una obra en la que se trata ampliamente el tema de la prostitución de menores en el Caribe Sudamericano.
650 14 - PUNTO DE ACCESO ADICIONAL DE MATERIA--TÉRMINO DE MATERIA
Término de materia o nombre geográfico como elemento de entrada Literatura
Fuente del encabezamiento o término LEMB
942 ## - ELEMENTOS DE ENTRADA SECUNDARIOS (KOHA)
Fuente del sistema de clasificación o colocación Clasificación Decimal Dewey
Tipo de ítem Koha Libros
Holdings
Estatus retirado Estado de pérdida Fuente del sistema de clasificación o colocación Estado de daño No para préstamo Biblioteca de origen Biblioteca actual Fecha de adquisición Total de préstamos Signatura topográfica completa Código de barras Visto por última vez Fecha del último préstamo Copia número Precio de reemplazo Tipo de ítem Koha Colección Ubicación en estantería
    Clasificación Decimal Dewey     BIBLIOTECA PÚBLICA MUNICIPAL RAMON CORREA MEJIA BIBLIOTECA PÚBLICA MUNICIPAL RAMON CORREA MEJIA 05/02/2013 1 Co863 G216in 25513 18/02/2025 03/02/2025 1 29/11/2023 Libros    
    Clasificación Decimal Dewey     BIBLIOTECA SAN JOAQUIN BIBLIOTECA SAN JOAQUIN 05/02/2013   Co863 G216in 63356 18/02/2026   1 29/11/2023 Libros General Colección general

Powered by Koha